| 000 | 01150nam a22003015i 4500 | ||
|---|---|---|---|
| 001 | 21485228 | ||
| 005 | 20260606140528.0 | ||
| 008 | 200331s2020 cau 000 0 eng | ||
| 010 | _a 2020936057 | ||
| 020 |
_a9789353884017 _q(paperback) |
||
| 020 |
_z9789353884024 _q(epub) |
||
| 035 | _a21485228 | ||
| 040 |
_aDLC _beng _erda _cDLC |
||
| 042 | _apcc | ||
| 082 | _a658.4012 | ||
| 100 | 1 |
_aDhargalkar, Kaustubh, _eauthor. |
|
| 245 | 1 | 0 |
_aIt's logical : _binnovating profitable business models / _cKaustubh Dhargalkar. |
| 263 | _a2006 | ||
| 264 | 1 |
_aThousand Oaks : _bSAGE Publications Inc, _c2020. |
|
| 336 |
_atext _btxt _2rdacontent |
||
| 337 |
_aunmediated _bn _2rdamedia |
||
| 338 |
_avolume _bnc _2rdacarrier |
||
| 520 |
_a"It is a common belief that innovation and creativity lie within the purview of genius. After reading this book you will be convinced that with a relentless focus on the user, anyone can be innovative"-- _cProvided by publisher. |
||
| 856 |
_uhttps://sk.sagepub.com/books/its-logical _yRead SAGE E-Book |
||
| 906 |
_a0 _bibc _corignew _d2 _eepcn _f20 _gy-gencatlg |
||
| 942 |
_2ddc _cEBOOK |
||
| 999 |
_c44742 _d44742 |
||